Kontrola plnenia záväzkov vyplývajúcich z Generálnej dohody na rok 1991
Salvato in:
| Autore principale: | |
|---|---|
| Altri autori: | , |
| Natura: | Libro |
| Lingua: | slovacco |
| Pubblicazione: |
Bratislava
Výskumný ústav práce a sociálnych vecí
1991
|
| Edizione: | 1. vyd. |
| Tags: |
Nessun Tag, puoi essere il primo ad aggiungerne!!
|
MARC
| LEADER | 00000nam a2200000 4500 | ||
|---|---|---|---|
| 001 | c033289 | ||
| 005 | 20221214094016.1 | ||
| 041 | 0 | |a slo | |
| 044 | |a SK | ||
| 245 | 1 | 0 | |a Kontrola plnenia záväzkov vyplývajúcich z Generálnej dohody na rok 1991 |c Peter Demko, Miroslav Farkaš, Milan Líška |
| 250 | |a 1. vyd. | ||
| 264 | 1 | |a Bratislava |b Výskumný ústav práce a sociálnych vecí |c 1991 | |
| 300 | |a 13 s. | ||
| 100 | 1 | |a Demko, Peter | |
| 700 | 1 | |a Farkaš, Miroslav | |
| 700 | 1 | |a Líška, Milan | |